Quizzes
Events
Quiz Creation
Community
Videos
Private Events
Remove Ads
Sign In
Join for FREE
Feedback
Dark Mode
Quiz Categories
Sports
Geography
Music
Movies
Television
Just For Fun
Miscellaneous
History
Literature
Language
Science
Gaming
Entertainment
Religion
Holiday
For Kids
Quiz Lab
Recent
Popular Today
Quiz Kudos Today
Editor Picks
Curator Picks
Quizzes by...
Day
Popularity
Type
Ratings
Length
Year
Community
Subscriptions
Recent Discussions
Orange Saloon
Badges
Playlists
Quests
Create
Leaderboards
Showdown
Live 5
Trivia Bingo
Activity
Puzzle Library
Sporcle Events
Private Events
Virtual Trivia
Globe League
Become a Host
Pub Owners
SporcleCon
Opinionation
Our Games
Videos
Blog
Mobile Apps
Partnerships
Remove Ads and Go Orange
Feedback
History
US Presidents
World Leaders
Politics
Nation
Discovery
War
Decade
Year
Century
Biography
Art
History
US Presidents
World Leaders
Politics
Nation
Discovery
War
Decade
Year
Century
Biography
Art
Random Quiz
Search Sporcle
×
Quiz Lab
Quiz Lab
History
greatest
Type in answers that appear in a list
Type in answers that appear in a list
Classic
Best Score? Go Orange.
Greatest Israelis Stats
Can you name the 20 greatest Israelis according to Yedioth Ahronoth?
By
aglick
7m
20 Questions
87 Plays
87 Plays
87 Plays
Comments
Comments
Give Quiz Kudos
Give Quiz Kudos
-
- Ratings
hide this ad
Replay
Link that replays current quiz
Next Quiz
Link to next quiz in quiz playlist
You Got
0%
They Got
Avg Score
33%
Avg Friend Score
Upgrade to see
Score Distribution
Jump to the score distribution portion of the page
Score
0/20
Timer
07:00
0
Plays Today
Rank
Name
% Correct
2
David Ben-Gurion
88.5%
1
Yitzhak Rabin
85.1%
18
Benjamin Netanyahu
82.8%
13
Yonatan Netanyahu
74.7%
11
Shimon Peres
64.4%
4
Menachem Begin
50.6%
8
Ariel Sharon
49.4%
5
Ilan Ramon
41.4%
9
Ezer Weizman
33.3%
6
Naomi Shemer
28.7%
Rank
Name
% Correct
19
Shmuel Yosef Agnon
16.1%
17
Shlomo Artzi
12.6%
12
Ron Arad
10.3%
3
Ehud Manor
8%
20
Yeshayahu Leibowitz
8%
7
Rehavam Ze'evi
4.6%
10
Ninet Tayeb
2.3%
14
Ze'ev Revach
2.3%
15
Meir Har-Zion
2.3%
16
Eli Yatzpan
2.3%
Quiz Playlist
Details
Report
Send in Message
Add To Playlist
Classic:
Type in answers that appear in a list
Quiz Source
Last Updated: Feb 18, 2019
Quiz Scoreboard
CHALLENGE
Sign Up to Join the Scoreboard
Show All
Scores
Hide
Comments
May contain spoilers
Recently Published
College Basketball Coaching Resumes
by pancakes188
Sports
9m
Billboard Blitz: Fleetwood Mac
by CooCooCachoo
Music
15s
Presidents Visiting Landmarks
by Hejman
History
7m
More to Explore
Quiz From the Vault
Featured Blog Post
Where Did the Easter Bunny Come From?
hide this ad
You Might Also Like...
Tags
20 Greatest
greatest
Israel
israeli
Listing
Today's Top Quizzes in History
Browse History
hide this ad
Today's Top Quizzes in greatest
Browse greatest
Top Contributed Quizzes in History
1
Popular People in 1991
2
Popular People in 1981
3
Popular People in 1951
4
Popular People in 1941
5
Popular People in 1986
6
Popular People in 1976
7
Popular People in 1921
8
I Am Born On March 28th
9
5-to-1: 20th Century Images of War
10
Popular People in 1946
Explore More
Trending Topics
Crossword
Marvel
Disney
Anime
Kpop
NBA
Harry Potter
Country
Soccer
Song
NFL
WWE
The Office
Puzzle
Pokémon
hide this ad
More By:
aglick
Quiz
Plays
Rating
Category
Featured
Created
NBA Players Rainbow
134,322
4.44
Sports
Jan 15, 2019
Anyone but LeBron James
101,648
4.60
Sports
Mar 13, 2018
Soccer Players Rainbow
61,891
4.50
Sports
Jan 18, 2019
Anyone but Michael Jordan
59,939
4.53
Sports
Mar 13, 2018
Movies at the Half-Hour Mark (2010s)
53,761
4.55
Movies
Feb 20, 2020
Go to Creator's Profile
Score Distribution
Quiz Creator Spotlight
aglick
Follow
Send a Message
Quizzes Created
-
Created Quiz Play Count
-
More By This Creator
Popular Quizzes Today
1
Find the US States - No Outlines Minefield
2
Find the Countries of Europe - No Outlines Minefield
3
The Countries of the World
4
Find the US States
5
Risky Map Clicking: Biggest States A-Z
6
US States
7
Popular People in 1961
8
Movies - When Are They Set?
More History Quizzes
Who Tweeted Whom: History
Editor's Pick
Trending Quizzes
Risky Map Clicking: Least Populous States A-Z
1-10 Letter G Words
1-10 Letter F Words
Risky Map Clicking: Next State Alphabetically
Risky Map Clicking: Biggest States A-Z
Recently Updated
Leaping Animals
pecheneg
Reality TV Shows (A-Z)
bhenderson79
Rickey Henderson's Hall of Fame Teammates
pecheneg
Champions League XIs: Arsenal
pecheneg
Quick Pick: Celebrities in WWE's Hall of Fame
aduchscher
A-Z Keypad Blitz II
pecheneg
Multiple Oscar Actors
pecheneg
Mystery Phrase Blitz: Oscar 'Best Actors'
pecheneg
F. Scott Fitzgerald Novels
LTH
Pick 3 Villains
ddd62291
Trending Topics
Kpop
NBA
Harry Potter
Marvel
Crossword
Anime
Disney
NFL
Pokémon
WWE
Country
The Office
Song
Puzzle
Soccer
Your Account Isn't Verified!
In order to create a playlist on Sporcle, you need to verify the email address you used during registration. Go to your
Sporcle Settings
to finish the process.
Report this User
Report this user for behavior that violates our
Community Guidelines
.
Details:
Send Report
Go to the Sporcle.com Mobile Site →
Comments